01129cam a22002891 45000010005000000030008000050050017000130080039000300350018000690400032000870410008001190820027001271000049001542450104002032600066003073000034003735040041004076500034004486500052004826500028005346500034005626510047005967000027006439420012006709990015006829520142006973537BD-RjUL20211208233740.0131219t1965 enka b 001 0 eng a(BD-RjUL)3571 aDLCcICUdDLCdBD-RjULbeng aeng00a338.4769216bLEB 19651 aLewis, J. Parryq(John Parry),d1927-91115510aBuilding cycles and Britain's growth /cby J. Parry Lewis. Incorporating material of Bernard Weber. aLondon ;bMacmillan;aNew York :bSt. Martin's Press,cc1965. axii, 396 p. :bill. ;c23 cm. aIncludes bibliographical references. 0aHousingzGreat Britain.97615 0aCities and townszGreat BritainxGrowth.911156 0aBusiness cycles.911157 0aConstruction industry.911158 0aGreat BritainxEconomic conditions.9111591 aWeber, Bernard.911160 2ddccBK c3537d3537 00102ddc40718NFICaRUCLbRUCLcReadingd1968-12-05eZeitlingerg45.00l0o338.4769 LEB 1965r2013-12-19 00:00:00tC-1w2021-12-08yBK